01964 2200217 4500001002100000005001500021035002000036001002100056005001500077035002000092245005800112100001600170250001700186300002800203260002900231082001000260084001600270020002200286650001500308520142300323INLIS00000000000066320240830084640 a0010-0824000181INLIS00000000000053320240816090101 a0010-08240000511 aPetunjuk Praktis Beternak Ayam Kampung /cNeni Suheni0 aNeni Suheni aCetakan Ke-1 a56 hlm :bIlus ;c21 cm aBandung :bNuansa,c2007 a636.5 a636.5 NEN p a978-979-9481-88-0 4aPeternakan aBuku ini memberi petunjuk praktis beternak ayam kampung. Isinya antara lain berkaitan degan pembuatan kandang, pemilihan bibit, pemeliharaan, menu makanan, produksi telur, penetasan dan pengembangbiakan, penanganan penyakit, dan sebagainya. Ditulis dengan bahasa yang ringkas, padat dan lancar, buku ini sangat enak dibaca dan diikuti kiat-kiatnya. Dibandingkan dengan jenis-jenis ayam lainnya, daging ayam kampung jauh lebih enak, lebih gurih, lebih lezat, lebih kenyal, dan lebih menyehatkan badan. Untuk itu, harga ayam kampung jauh lebih mahal dibandingkan dengan ayam broiler. Telur ayam kampung lebih mahal dibandingkan telur ayam petelur yang banyak dijual di pasaran. Telur ayam kampung bergizi dan lebih berkhasiat dibandingkan telur ayam petelur. Telur ayam kampung sering dipakai untuk mengobati bermacam-macam penyakit dan untuk mendongkrak stamina. Selain itu, dibandingkan dengan ayam jenis lainnya semisal ayam pedaging maupun petelur (ayam ras), ayam kampung memang relatif lebih punya daya tahan terhadap serangan penyakit. Itulah kelebihan-kelebihan ayam kampung dibandingkan dengan ayam-ayam jenis lainnya. Jika selama ini, banyak orang menternakkan ayam kampung (terutama di pedesaan-pedesaan) dengan cara tradisional yang konservatif (sistem ekstensif dan semi intensif), maka buku ini memberikan resep lain yang jauh lebih maju, lebih baik dan lebih berkualitas (yakni dengan sistem intensif)